1004 1849 1495 1161 1770 1503 1499 1890 1417 1135 1595 1735 1093 1714 1485 1766 1900 1811 1896 1373 1422 1452 1988 1186 1792 1905 1330 1921 1775 1506 1576 1749 1887 1870 1532 1447 1118 1875 1240 1510 1382 1417 1053 1135 1972 1087 1914 1024 1396 1581 1137 1883 1927 1360 1818 1197 1285 1913 1953 1166 1690 1472 1090 1403 1391 1416 1012 1783 1055 1105 1014 1072 1918 1638 1032 1794 1058 1325 1763 1636 1713 1682 1349 1664 1609 1277 1071 1923 1334 1859 1364 1089 1920 1571 1143 1837 1258 1581 1983 BCNSPRNW ULIB Ver.6.0+V

เปลี่ยนเป็นภาษาไทย

Change to English
 แสดงรายละเอียดบรรณานุกรม
  กลับหน้าหลัก

Brief Record : Get Marc (ISO 2709) : E-mail record : QR code < ปิดหน้าต่าง
LEADER : 00000nam 2200000uu 4500
001    13399126809
003     ULIB
008    190306s2560||||th 000 0 tha d
020    ^a9786164380141
060    ^aWM100^bก48จ
100    ^aกุศลาภรณ์ ชัยอุดมสมและคณะ, บรรณาธิการ
245    ^aจิตเวชศาสตร์ = Psychiatry/^bกุศลาภรณ์ ชัยอุดมสมและคณะ, บรรณาธิการ
250    ^aพิมพ์ครั้งที่ 2
260    ^aกรุงเทพฯ :^bโรงพิมพ์คลังนานาวิทยา,^c2560
300    ^a525 หน้า
650    ^aจิตเวชศาสตร์
945    ^p400^l0^i27331
945    ^p400^l0^i27330
999    ^aกัณชพร จุลอักษร
รายการนี้ยังไม่มีแท็ก
คุณยังไม่ได้ล็อกอิน คุณสามารถมีกิจกรรมร่วมกับเว็บไซต์ได้ แต่ต้องล็อกอินก่อน ::
  ล็อกอิน

รายการสื่อสารสนเทศ

ลำดับที่ ประเภท เลขเรียก/บาร์โค้ด สถานที่ สถานะ
1. วิทยาศาสตร์การแพทย์ และสุขภาพ
วิทยาศาสตร์การแพทย์ และสุขภาพ
WM100 ก48จ ฉ.1 
  Barcode: 27330
ห้องสมุดวิทยาเขตนครสวรรค์
►หนังสือทั่วไป:l:General Books
บนชั้น
2. วิทยาศาสตร์การแพทย์ และสุขภาพ
วิทยาศาสตร์การแพทย์ และสุขภาพ
WM100 ก48จ ฉ.2 
  Barcode: 27331
ห้องสมุดวิทยาเขตนครสวรรค์
►หนังสือทั่วไป:l:General Books
ถูกยืม กำหนดส่งวันที่ 19 พฤศจิกายน 2567
  จอง

รายการใกล้เคียง
    ผู้แต่ง [กุศลาภรณ์ ชัยอุดมสมและคณะ, บรรณาธิการ]

    หัวเรื่อง [จิตเวชศาสตร์]

BibComment


ยังไม่เคยถูกคอมเมนท์

คอมเมนท์ทรัพยากรรายการนี้
  คอมเมนท์: จิตเวชศาสตร์ Ps..


 Copyright 2026. Bcnsprnw @Library